রবীন্দ্র-ছোটগল্পে নারীর অবস্থান / (Record no. 248298)
[ view plain ]
| 000 -LEADER | |
|---|---|
| fixed length control field | 01019nam a22001937a 4500 |
| 003 - CONTROL NUMBER IDENTIFIER | |
| control field | BD-DhUL |
| 005 - DATE AND TIME OF LATEST TRANSACTION | |
| control field | 20190523102753.0 |
| 008 - FIXED-LENGTH DATA ELEMENTS--GENERAL INFORMATION | |
| fixed length control field | 190523s2016 xxup|||| |||| 00| 0 eng d |
| 040 ## - CATALOGING SOURCE | |
| Original cataloging agency | BD-DhUL |
| Transcribing agency | BD-DhUL |
| 082 ## - DEWEY DECIMAL CLASSIFICATION NUMBER | |
| Classification number | 891.44301 |
| Item number | ISR |
| 100 #0 - MAIN ENTRY--PERSONAL NAME | |
| Personal name | ইসরাত, নাদিয়া |
| 245 #0 - TITLE STATEMENT | |
| Title | রবীন্দ্র-ছোটগল্পে নারীর অবস্থান / |
| Statement of responsibility, etc. | নাদিয়া ইসরাত |
| 260 ## - PUBLICATION, DISTRIBUTION, ETC. (IMPRINT) | |
| Place of publication, distribution, etc. | ঢাকা : |
| Name of publisher, distributor, etc. | ঢাকা বিশ্ববিদ্যালয়, |
| Date of publication, distribution, etc. | 2016. |
| 300 ## - PHYSICAL DESCRIPTION | |
| Extent | [২],১৭৬ পৃ. : |
| Other physical details | চিত্র ; |
| Dimensions | ৩০ সেমি. |
| 500 ## - GENERAL NOTE | |
| General note | অভিসন্দর্ভ : (এম. ফিল) -- বাংলা বিভাগ , ঢাকা বিশ্ববিদ্যালয়, শিক্ষাবর্ষ : ২০১০-২০১১। গ্রন্থপঞ্জি : পৃ. ১৭৫- ১৭৬ । |
| 650 #0 - SUBJECT ADDED ENTRY--TOPICAL TERM | |
| Topical term or geographic name as entry element | বাংলা ছোটগল্প |
| 650 #0 - SUBJECT ADDED ENTRY--TOPICAL TERM | |
| Topical term or geographic name as entry element | Bangali short story |
| 942 ## - ADDED ENTRY ELEMENTS (KOHA) | |
| Source of classification or shelving scheme | |
| Koha item type | Books |
| Price effective from | Date last seen | Permanent Location | Not for loan | Date acquired | Source of classification or shelving scheme | Koha item type | Lost status | Withdrawn status | Coded location qualifier | Collection code | Damaged status | Shelving location | Barcode | Current Location | Full call number |
|---|---|---|---|---|---|---|---|---|---|---|---|---|---|---|---|
| 2019-05-23 | 2019-05-23 | Dhaka University Library | 2019-05-23 | Books | gift | Non Fiction | Rare Collection | 509352 | Dhaka University Library | 891.44301 ISR |
